<?xml version="1.0" encoding="UTF-8"?>
<record
    xmlns:xsi="http://www.w3.org/2001/XMLSchema-instance"
    xsi:schemaLocation="http://www.loc.gov/MARC21/slim http://www.loc.gov/standards/marcxml/schema/MARC21slim.xsd"
    xmlns="http://www.loc.gov/MARC21/slim">

  <leader>01112nam a2200205 a 4500</leader>
  <controlfield tag="001">18408</controlfield>
  <controlfield tag="003">CO-ViMGA</controlfield>
  <controlfield tag="008">141112s2004    ck      r     000 u spa d</controlfield>
  <datafield tag="020" ind1=" " ind2=" ">
    <subfield code="a">9584101323</subfield>
  </datafield>
  <datafield tag="040" ind1=" " ind2=" ">
    <subfield code="a">CO-ViMGA</subfield>
    <subfield code="b">spa</subfield>
    <subfield code="c">CO-ViMGA</subfield>
  </datafield>
  <datafield tag="082" ind1="0" ind2="4">
    <subfield code="a">547 M347q</subfield>
  </datafield>
  <datafield tag="100" ind1="1" ind2=" ">
    <subfield code="a">Meislich, Herbert; Nechamkin, Howard</subfield>
    <subfield code="9">26210</subfield>
  </datafield>
  <datafield tag="245" ind1="1" ind2="0">
    <subfield code="a">Qu&#xED;mica org&#xE1;nica</subfield>
  </datafield>
  <datafield tag="260" ind1=" " ind2=" ">
    <subfield code="a">Bogot&#xE1;, </subfield>
    <subfield code="c">McGraw Hill, </subfield>
    <subfield code="c">2001</subfield>
  </datafield>
  <datafield tag="300" ind1=" " ind2=" ">
    <subfield code="a">468.p.</subfield>
  </datafield>
  <datafield tag="505" ind1=" " ind2=" ">
    <subfield code="a">Estructura y propiedades de los compuestos org&#xE1;nicos Enlaces y estructura molecular Reactividad qu&#xED;mica y reacciones org&#xE1;nicas Alcanos Estereoqu&#xED;mica Alquenos Halogenuros de Alquilo Alquinos y dienos Hidrocarburos c&#xED;cicos Benceno y compuestos arom&#xE1;ticos polinucleares Sustituci&#xF3;n aromatica . Arenos Espectroscopia y estructura Alcoholes y Tioles Eteres , ep&#xF3;xidos , glicoles , tioeteres Compuestos carbonilos : Aldehidos y cetonas Acidos carbox&#xED;licos y sus derivados Enolatos de carbani&#xF3;n Aminas Compuestos fen&#xF3;licos Compuestos heteroc&#xED;clicos arom&#xE1;ticos</subfield>
  </datafield>
  <datafield tag="590" ind1=" " ind2=" ">
    <subfield code="a">Forma de adquisici&#xF3;n : Premio - Mincultura</subfield>
  </datafield>
  <datafield tag="650" ind1="1" ind2="4">
    <subfield code="a">QUIMICA ORGANICA</subfield>
    <subfield code="9">16925</subfield>
  </datafield>
  <datafield tag="942" ind1=" " ind2=" ">
    <subfield code="2">ddc</subfield>
    <subfield code="c">BK</subfield>
  </datafield>
  <datafield tag="999" ind1=" " ind2=" ">
    <subfield code="c">27706</subfield>
    <subfield code="d">27706</subfield>
  </datafield>
</record>
